000 00687nam a2200229Ia 4500
003 OSt
005 20220925214317.0
006 a|||||r|||| 00| 0
007 ta
008 220923b |||||||| |||| 00| 0 eng d
037 _cGeneral Book
040 _aRTL
_cRTL
_beng
041 _2eng
_aeng
082 _aX4:75.3.N7, L1
100 _aLane Robert and other
_9280025
245 0 _aAnalytical transport planning
260 _aLondon
_bDuckworth UK
_c1971
300 _a283p. Bib p 283-78, Appendixes p 219-71
_ccm.
650 _aTransport Economics -- United States
942 _hX4:75.3.N7, L1
_cGB
_2CC
999 _c565091
_d565091